01445cam a22003371a 4500001001300000003000400013005001700017007001500034008004100049010001700090035001900107040005700126042001200183043001200195050002300207051002600230100005100256245017300307260003300480300005600513490003000569500002000599501017200619530006900791650002400860650002800884700004800912700004200960830005401002856005101056gs 11000331 DLC20260227111311.0cr_|||||||||||810914s1911 dcuabf f001 0 eng c ags 11000331  a(OCoLC)7758183 aU.S. Geol. survey. LibrarycMnManSdMnHidOCoLCdDLC apremarc an-us-mn00aTC801b.U2 no. 256 aGB1025.M6bH3cCopy 21 aHall, C. W.q(Christopher Webber),d1845-1911.10aGeology and underground waters of southern Minnesota /cby C.W. Hall, O.E. Meinzer, and M.L. Fuller ; work done in cooperation with the Minnesota State Board of Health. aWashington :bG.P.O.,c1911. a406 p., 18 leaves of plates :bill., maps ;c23 cm.1 aWater-supply paper ;v256 aIncludes index. aTC801.U2 no. 256 with : Well-drillling methods - - Underground water papers, 1910. Washington : Govt. Print. Off., 1911. Bound together subsequent to publication.5DLC aAlso available in digital form on the Internet Archive Web site. 0aGeologyzMinnesota. 0aGroundwaterzMinnesota.1 aMeinzer, O. E.q(Oscar Edward),d1876-1948.1 aFuller, M. L.q(Myron Leslie),d1873- 0aU.S. Geological Survey water-supply paper ;v256.41uhttp://hdl.loc.gov/loc.gdc/scd0001.00199536564